Body and narrative in contemporary literatures in German (Record no. 109176)
[ view plain ]
| 000 -LEADER | |
|---|---|
| fixed length control field | 01950nam a2200433 a 4500 |
| 001 - CONTROL NUMBER | |
| control field | ebr10233644 |
| 003 - CONTROL NUMBER IDENTIFIER | |
| control field | CaPaEBR |
| 005 - DATE AND TIME OF LATEST TRANSACTION | |
| control field | 20251021234411.0 |
| 006 - FIXED-LENGTH DATA ELEMENTS--ADDITIONAL MATERIAL CHARACTERISTICS--GENERAL INFORMATION | |
| fixed length control field | m u |
| 007 - PHYSICAL DESCRIPTION FIXED FIELD--GENERAL INFORMATION | |
| fixed length control field | cr cn||||||||| |
| 008 - FIXED-LENGTH DATA ELEMENTS--GENERAL INFORMATION | |
| fixed length control field | 050801s2005 enk fsb 001 0 eng |
| 010 ## - LIBRARY OF CONGRESS CONTROL NUMBER | |
| Canceled/invalid LC control number | 2005299437 |
| 015 ## - NATIONAL BIBLIOGRAPHY NUMBER | |
| National bibliography number | GBA508766 |
| Source | bnb |
| 016 7# - NATIONAL BIBLIOGRAPHIC AGENCY CONTROL NUMBER | |
| Canceled or invalid record control number | 013099354 |
| Source | Uk |
| 020 ## - INTERNATIONAL STANDARD BOOK NUMBER | |
| Cancelled/invalid ISBN | 9780199277766 (alk. paper) |
| 020 ## - INTERNATIONAL STANDARD BOOK NUMBER | |
| Cancelled/invalid ISBN | 0199277761 (alk. paper) |
| 040 ## - CATALOGING SOURCE | |
| Original cataloging agency | CaPaEBR |
| Transcribing agency | CaPaEBR |
| 035 ## - SYSTEM CONTROL NUMBER | |
| System control number | (OCoLC)646752706 |
| 050 14 - LIBRARY OF CONGRESS CALL NUMBER | |
| Classification number | PT405 |
| Item number | .M356 2005eb |
| 082 04 - DEWEY DECIMAL CLASSIFICATION NUMBER | |
| Classification number | 830.9/92870904 |
| Edition number | 22 |
| 090 ## - LOCALLY ASSIGNED LC-TYPE CALL NUMBER (OCLC); LOCAL CALL NUMBER (OCLC) | |
| -- | 109176 |
| -- | 86974 |
| 100 1# - MAIN ENTRY--PERSONAL NAME | |
| Personal name | Marven, Lyn. |
| 9 (RLIN) | 154622 |
| 245 10 - TITLE STATEMENT | |
| Title | Body and narrative in contemporary literatures in German |
| Medium | [electronic resource] : |
| Remainder of title | Herta Müller, Libuše Moníková, and Kerstin Hensel / |
| Statement of responsibility, etc | Lyn Marven. |
| 260 ## - PUBLICATION, DISTRIBUTION, ETC. (IMPRINT) | |
| Place of publication, distribution, etc | Oxford : |
| Name of publisher, distributor, etc | Clarendon Press ; |
| Place of publication, distribution, etc | New York : |
| Name of publisher, distributor, etc | Oxford University Press, |
| Date of publication, distribution, etc | 2005. |
| 300 ## - PHYSICAL DESCRIPTION | |
| Extent | xi, 282 p. ; |
| Dimensions | 23 cm. |
| 490 1# - SERIES STATEMENT | |
| Series statement | Oxford modern languages and literature monographs |
| 504 ## - BIBLIOGRAPHY, ETC. NOTE | |
| Bibliography, etc | Includes bibliographical references (p. [253]-273) and index. |
| 533 ## - REPRODUCTION NOTE | |
| Type of reproduction | Electronic reproduction. |
| Place of reproduction | Palo Alto, Calif. : |
| Agency responsible for reproduction | ebrary, |
| Date of reproduction | 2009. |
| Note about reproduction | Available via World Wide Web. |
| -- | Access may be limited to ebrary affiliated libraries. |
| 600 10 - SUBJECT ADDED ENTRY--PERSONAL NAME | |
| Personal name | Müller, Herta |
| General subdivision | Criticism and interpretation. |
| 9 (RLIN) | 154623 |
| 600 10 - SUBJECT ADDED ENTRY--PERSONAL NAME | |
| Personal name | Moníková, Libuše |
| General subdivision | Criticism and interpretation. |
| 9 (RLIN) | 154624 |
| 600 10 - SUBJECT ADDED ENTRY--PERSONAL NAME | |
| Personal name | Hensel, Kerstin, |
| Dates associated with a name | 1961- |
| General subdivision | Criticism and interpretation. |
| 9 (RLIN) | 154625 |
| 650 #0 - SUBJECT ADDED ENTRY--TOPICAL TERM | |
| Topical term or geographic name as entry element | German literature |
| General subdivision | Women authors |
| -- | History and criticism. |
| 9 (RLIN) | 154626 |
| 650 #0 - SUBJECT ADDED ENTRY--TOPICAL TERM | |
| Topical term or geographic name as entry element | German literature |
| Chronological subdivision | 20th century |
| General subdivision | History and criticism. |
| 9 (RLIN) | 27900 |
| 650 #0 - SUBJECT ADDED ENTRY--TOPICAL TERM | |
| Topical term or geographic name as entry element | Human body in literature. |
| 9 (RLIN) | 92093 |
| 655 #7 - INDEX TERM--GENRE/FORM | |
| Genre/form data or focus term | Electronic books. |
| Source of term | local |
| 9 (RLIN) | 190 |
| 710 2# - ADDED ENTRY--CORPORATE NAME | |
| Corporate name or jurisdiction name as entry element | ebrary, Inc. |
| 9 (RLIN) | 191 |
| 830 #0 - SERIES ADDED ENTRY--UNIFORM TITLE | |
| Uniform title | Oxford modern languages and literature monographs. |
| 9 (RLIN) | 137289 |
| 856 40 - ELECTRONIC LOCATION AND ACCESS | |
| Uniform Resource Identifier | <a href="http://site.ebrary.com/lib/strathmore/Doc?id=10233644">http://site.ebrary.com/lib/strathmore/Doc?id=10233644</a> |
| Public note | An electronic book accessible through the World Wide Web; click to view |
No items available.